| 000 | 00613nam a2200145Ia 4500 | ||
|---|---|---|---|
| 008 | 140724s9999 xx 000 0 und d | ||
| 050 |
_aRT 71 _b.M257 2008 |
||
| 100 | _aMalonzo, Ma Tea Anicia. | ||
| 245 | 4 |
_aThe difference between the provision of care of female nurses and male nurses based on the perception of patients in selected tertiary hospitals in Las Piñas City and Muntinlupa City / _cMa. Tea Anicia Malonzo. |
|
| 260 |
_aLas Piñas, Philippines : _bSouthville International School and Colleges, _cc2008. |
||
| 300 |
_a73 p. : _bill. ; _c28 cm. |
||
| 521 | _aNursing | ||
| 942 | _cTH | ||
| 999 |
_c228969 _d228969 |
||